[Event "Mexico City Revolucion op"]
[Site "Mexico City"]
[Date "2024.11.14"]
[Round "2"]
[White "Guzman Garcia, Mia Fernanda"]
[Black "Morquecho Garcia, Leonardo Alfons"]
[Result "1-0"]
[WhiteElo "1772"]
[BlackElo "1700"]
[PlyCount "101"]
[EventDate "2024.11.13"]
[EventType "swiss"]
[EventRounds "9"]
[EventCountry "MEX"]
[SourceTitle "CB47_2024"]
[SourceDate "2024.11.20"]
[SourceVersion "1"]
[SourceVersionDate "2024.11.20"]
[SourceQuality "1"]

1. e4 c5 2. Nf3 Nc6 3. d4 cxd4 4. Nxd4 Nf6 5. Nc3 d6 6. Be2 e5 7. Nb3 Be7 8. Be3 Be6 9. 0-0 0-0 10. Qd2 a5 11. a4 Nb4 12. Rad1 Rc8 13. Rc1 d5 14. exd5 Bxd5 15. Rfd1 b6 16. Nxd5 Nbxd5 17. Bf3 Nxe3 18. Qxe3 Qc7 19. Nd2 Bc5 20. Qe1 Nd7 21. b3 Ba3 22. Ra1 Bb4 23. Ra2 Bc3 24. Qe2 Nc5 25. Nb1 Ne6 26. Nxc3 Qxc3 27. Qe3 Qxe3 28. fxe3 Rfd8 29. Rd5 Rxd5 30. Bxd5 Nc7 31. Bc4 Rd8 32. c3 Kf8 33. Kf2 Ke7 34. Ke2 f6 35. Bd3 Nd5 36. Rc2 Rc8 37. Bc4 Nc7 38. Bd3 h6 39. Bf5 Rd8 40. e4 Ne6 41. Bxe6 Kxe6 42. Rd2 Rxd2+ 43. Kxd2 Kd6 44. b4 g6 45. g4 h5 46. h3 hxg4 47. hxg4 Kc6 48. Kd3 b5 49. axb5+ Kxb5 50. bxa5 Kxa5 51. Kc4 1-0